000 00304nam a2200121Ia 4500
008 190216s9999||||xx |||||||||||||| ||und||
100 _aRajendra Pal
245 0 _aKnowledge Bank In Geography
260 _bSulthan Chand&Sons
_c1986
300 _a132p
650 _aGeography & History
942 _cREF
999 _c35746
_d35746